| 000 | 004510000a22001810004500 | ||
|---|---|---|---|
| 003 | MACL | ||
| 005 | 20151230152813.0 | ||
| 008 | 151230b xxu||||| |||| 00| 0 eng d | ||
| 040 |
_aMACL _cMACL |
||
| 041 | _aEnglish | ||
| 082 | _a310/SAN | ||
| 100 |
_aSandee, Jan _925092 |
||
| 245 | _aA Demonstration planning Model For India | ||
| 260 |
_bAsia Publishing House _c1960 |
||
| 350 | _a10 | ||
| 650 |
_aStatistics _925093 |
||
| 942 |
_cBK _k310/SAN _2ddc |
||
| 999 |
_c36971 _d36971 |
||